| 000 | 01567nam a2200241Ia 4500 | ||
|---|---|---|---|
| 003 | Ost | ||
| 005 | 20260416102402.0 | ||
| 008 | 260416s9999||||xx |||||||||||||| ||und|| | ||
| 040 | _cfsecg | ||
| 041 | _aara | ||
| 082 | _a658.8 | ||
| 100 |
_aعينوس، رضوان _eمؤلف |
||
| 245 | 0 |
_aالتسويق الالكتروني : _bموجهة لطلبة السنة الثالثة علوم تجارية تخصص تسويق / _c رضوان عينوس |
|
| 260 |
_aالجزائر _bجامعة الجزائر3: كلية العلوم الإقتصادية، العلوم التجارية وعلوم التسيير _c2025 |
||
| 300 |
_a109 ورقة _bايضاحات _c12 سم |
||
| 504 | _aالمراجع ص.94 | ||
| 520 | _aمدخل للتسويق الإلكتروني ، متطلبات ممارسة التسويق الإلكتروني، نظرة شاملة عن التجارة الإلكترونية، الفرق بين التسويق الإلكتروني والتسويق التقليدي، المنتج الإلكتروني، سياسة التسعير والأنترنت، سياسة التوزيع والأنترنت، سياسة الترويج والأنترنت، تصميم الموقع الإلكتروني التسويقي و مزايا وعيوب التسويق الإلكتروني | ||
| 653 | _aالانترنت | ||
| 653 | _aالترويج | ||
| 653 | _aالتسويق | ||
| 710 |
_aجامعة الجزائر3: كلية العلوم الإقتصادية، العلوم التجارية وعلوم التسيير _eناشر علمي |
||
| 942 | _cHANDOUT | ||
| 999 |
_c41469 _d41469 |
||